00809nam a22002057a 450000500170000001000150001702000270003203500140005903700130007324501100008626000370019627000920023330000380032550000190036370000220038270000170040494200310042199900190045295201320047120170421121237.0 aENG-117905 c1380.00a9788184845785 aEN-101437 bDBAD/PUB aCorruption in modern india :cedited by Rahul S. Mhopare [and] Sanjay kumarbroots, causes and remedies / aNew DelhibRahul Composersc2016 aNew Highway Apartments, Lakshmi Niwas 760,Pocket-D, Lok Nayak Puram,bNew Delhie110041 axxvii,315p.:c22cm(Hb)bill.(map) aincludes index a Mhopare,Rahul S. aSanjay Kumar 2ddccENh364.13230954mCOR c139172d139172 001040718NFICaDBADbBNd2017-04-21eDBAD/PUB.g1380.00l0o364.13230954 CORpEN-101437r2017-04-21 00:00:00t1v1380.00yEN